Word Ladder: Black Phrases Quiz Stats

 Plays Quiz Updated Feb 21, 2018

Score 0/38 Timer 05:00
0 Plays Today
Clue 4-Letter Word % Correct
Popular card game also called 21
Black_____
JACK
98.8%
To break into a computer networkHACK
98.5%
Highest rank in martial arts
Black _____
BELT
97.3%
Footwear for cowboys or construction workersBOOT
97.1%
Stereotypical athleteJOCK
96.5%
StoneROCK
95.9%
Castle in chessROOK
95.5%
List of contacts, slangily
Black _____
BOOK
95%
Chair, bench, or couchSEAT
94.7%
To shut with sudden forceSLAM
94.7%
Unsolicited junk e-mailSPAM
94.6%
US Army helicopter (or part of a Chicago NHL team)
Black _____
HAWK
94.1%
Natalie Portman/Mila Kunis ballet film
Black _____
SWAN
93.1%
Basic time unit in musicBEAT
93.1%
Gathering for a party; e.g. Oktober-FEST
92.9%
Lacking hairBALD
92.1%
To quickly cook the outside of an itemSEAR
91.2%
Distance between two supports in a bridgeSPAN
90.8%
Rare accomplishmentFEAT
90.4%
Clue 4-Letter Word % Correct
Silent Marvel comics hero
Black _____
BOLT
89.9%
Result of a supernova
Black _____
HOLE
89.9%
Paramilitary police force unitSWAT
89.5%
Ursus americanus
Black _____
BEAR
89.1%
Person responsible for guests; emceeHOST
89%
Opposite of sharp in musicFLAT
88.8%
J.J. Abrams' island sci-fi showLOST
84.8%
Cargo space on a plane or shipHOLD
83.9%
Flexible tube for carrying fluidsHOSE
83.5%
Poet, e.g. ShakespeareBARD
82.2%
Slang for crude oil
Black ___
GOLD
81.4%
James Spader TV crime thriller
The Black_____
LIST
80.4%
To reject someone; to prevent from joining
Black_____
BALL
77.2%
1974 blaxploitation film about a streetfighter
Black ___
FIST
75.6%
Improve perfection: ___ the lilyGILD
68.8%
Beatles song from The White Album
Black_____
BIRD
63.9%
Waste on the surface of molten metalSLAG
63.9%
Henry Rollins punk band
Black _____
FLAG
63.3%
SurroundGIRD
58%

Today's Daily Dose

Missing Word
1940s A-Z

Quick Pick
'S' Athletes

Get the Picture
Depp or Bonham Carter

You're not logged in!

Compare scores with friends on all Sporcle quizzes.
OR
Log In

Sporcle TV

Today on Sporcle TV


Watch our educational content, quiz creation guides, and fun videos on Sporcle TV.

Show Comments

Extras

Top Quizzes Today


Score Distribution

Your Account Isn't Verified!

In order to create a playlist on Sporcle, you need to verify the email address you used during registration. Go to your Sporcle Settings to finish the process.

Report this User

Report this user for behavior that violates our Community Guidelines.

Details: